00959cam a22002654a 4500999001700000001000900017005001700026008004100043010001700084020001500101040001800116042000800134043001200142050002900154100002600183245007900209250001200288260006300300300004100363504005100404650003800455650003700493942003700530952012600567 c19420d194201305511720170116124502.0030113s2004 njuab b 001 0 eng  a 2003040555 a0130499021 aDLCcDLCdDLC apcc an-us---00aHD3616 b.U47W368 20041 aWeidenbaum, Murray L.10aBusiness and government in the global marketplace /cMurray L. Weidenbaum. a7th ed. aUpper Saddle River, N.J. :bPearson/Prentice Hall,cc2004. axvii, 395 p. :bill., maps ;c24 cm. aIncludes bibliographical references and index. 0aIndustrial policyzUnited States. 0aTrade regulationzUnited States. 2lcccBOOKShHD3616 .U47W368 2004 00102lcc4070aMUCbMUCcTECHd2017-01-16eDonation(BFA)l0oHD3616 .U47W368 2004p30094r2018-07-24w2017-01-16yBOOKS